Čo chýba slovenskému wellness?
Dvaja slovenskí blogeri hovoria o svojich skúsenostiach v zahraničných a slovenských wellness centrách. Plusy a mínusy. Nedostatky, ktorým by sa wellness centrá mali vyhnúť. Infinit wellness Maximus v Brne. Wellness Zion Spa v Grand Hotel Kempinski High Tatras.
Enregistré dans:
| Auteur principal: | |
|---|---|
| Format: | Chapitre de livre |
| Langue: | slovaque |
| Sujets: | |
| Tags: |
Pas de tags, Soyez le premier à ajouter un tag!
|
MARC
| LEADER | 00000naa a2200000 4500 | ||
|---|---|---|---|
| 001 | 0236039 | ||
| 005 | 20210218124604.9 | ||
| 041 | 0 | |a slo | |
| 044 | |a SK | ||
| 245 | 1 | 0 | |a Čo chýba slovenskému wellness? |c Lea Lisá |
| 520 | |a Dvaja slovenskí blogeri hovoria o svojich skúsenostiach v zahraničných a slovenských wellness centrách. Plusy a mínusy. Nedostatky, ktorým by sa wellness centrá mali vyhnúť. Infinit wellness Maximus v Brne. Wellness Zion Spa v Grand Hotel Kempinski High Tatras. | ||
| 610 | 2 | 0 | |a oddych |
| 610 | 2 | 0 | |a relaxácia |
| 610 | 2 | 0 | |a kúpele |
| 610 | 2 | 0 | |a služby |
| 610 | 2 | 0 | |a služby wellnessové |
| 610 | 2 | 0 | |a kvalita služieb |
| 610 | 2 | 0 | |a Slovensko |
| 100 | 1 | |a Lisá, Lea | |